[Event "9. Torneo Magistral de Elgoibar"]
[Site "Elgoibar ESP"]
[Date "2004.12.17"]
[Round "8.5"]
[White "Mirzoev, Azer"]
[Black "Cheparinov, Ivan"]
[Result "1/2-1/2"]
[WhiteElo "2513"]
[BlackElo "2576"]
[PlyCount "62"]
[EventDate "2004.12.11"]
[EventType "tourn"]
[EventRounds "9"]
[EventCountry "ESP"]
[EventCategory "10"]
[Source "lmi"]
[SourceDate "2004.12.19"]

1. c4 c5 2. Nc3 Nc6 3. g3 g6 4. Bg2 Bg7 5. Nf3 Nh6 6. O-O Nf5 7. b3 d6 8. Bb2
O-O 9. e3 Bd7 10. d3 a6 11. Qe2 Rb8 12. Nd5 e6 13. Bxg7 Kxg7 14. Nc3 e5 15. Nd2
f6 16. Nde4 Be6 17. Nd5 Nfe7 18. Nec3 Bg8 19. Rfd1 Nxd5 20. Nxd5 Ne7 21. Rac1
Nxd5 22. cxd5 Qd7 23. d4 cxd4 24. exd4 Rbc8 25. dxe5 fxe5 26. Qd2 Rxc1 27. Rxc1
Rc8 28. h4 Bf7 29. Kh2 Qd8 30. b4 Be8 31. a3 Bd7 1/2-1/2

[Event "9. Torneo Magistral de Elgoibar"]
[Site "Elgoibar ESP"]
[Date "2004.12.19"]
[Round "9.2"]
[White "Saldaño, Horacio"]
[Black "Mirzoev, Azer"]
[Result "1/2-1/2"]
[WhiteElo "2482"]
[BlackElo "2513"]
[PlyCount "43"]
[EventDate "2004.12.11"]
[EventType "tourn"]
[EventRounds "9"]
[EventCountry "ESP"]
[EventCategory "10"]
[Source "lmi"]
[SourceDate "2004.12.19"]

1. e4 e5 2. Nf3 Nc6 3. d4 exd4 4. Nxd4 Nf6 5. Nc3 Bb4 6. Nxc6 bxc6 7. Bd3 d5 8.
exd5 cxd5 9. O-O O-O 10. Bg5 c6 11. Qf3 h6 12. Bxf6 Qxf6 13. Qxf6 gxf6 14. Ne2
Be6 15. c3 Bd6 16. Rad1 Rab8 17. Rd2 f5 18. Ng3 f4 19. Nf5 Bxf5 20. Bxf5 Kg7
21. g3 Kf6 22. Bd3 1/2-1/2

[Event "9. Torneo Magistral de Elgoibar"]
[Site "Elgoibar ESP"]
[Date "2004.12.19"]
[Round "9.5"]
[White "Felgaer, Ruben"]
[Black "Gomez Esteban, Juan Mario"]
[Result "1-0"]
[WhiteElo "2569"]
[BlackElo "2475"]
[PlyCount "118"]
[EventDate "2004.12.11"]
[EventType "tourn"]
[EventRounds "9"]
[EventCountry "ESP"]
[EventCategory "10"]
[Source "lmi"]
[SourceDate "2004.12.19"]

1. e4 c6 2. d4 d5 3. Nc3 dxe4 4. Nxe4 Bf5 5. Nc5 b6 6. Nb3 e6 7. Nf3 Nf6 8. g3
Nbd7 9. Bg2 Rc8 10. O-O Bd6 11. Qe2 Qc7 12. Nh4 O-O 13. Nxf5 exf5 14. Qd3 g6
15. Nd2 c5 16. Nc4 cxd4 17. Nxd6 Qxd6 18. c3 Ne5 19. Qxd4 Qxd4 20. cxd4 Nd3 21.
Rd1 Nxc1 22. Raxc1 Rfd8 23. Rxc8 Rxc8 24. d5 Kf8 25. d6 Ke8 26. Bb7 Rc2 27. b4
Kd8 28. b5 Ng4 29. f3 Nxh2 30. Bc6 g5 31. g4 fxg4 32. fxg4 Nxg4 33. Re1 Nf6 34.
Rf1 Ne8 35. Rxf7 Nxd6 36. Rd7+ Kc8 37. Rxd6 Rxa2 38. Rd7 h5 39. Rg7 g4 40. Bb7+
Kd8 41. Rh7 Rc2 42. Rxh5 Rc5 43. Rh8+ Ke7 44. Ba6 Kf6 45. Rh7 Kg5 46. Rxa7 Kf4
47. Rd7 Kg3 48. Rd3+ Kh4 49. Rd6 Kh3 50. Rh6+ Kg3 51. Kf1 Rf5+ 52. Ke2 Rc5 53.
Kd2 Kf4 54. Rxb6 g3 55. Rg6 Kf3 56. Bb7+ Kf2 57. b6 Rb5 58. Be4 Rb4 59. b7 Rxe4
1-0